| 000 | 02497cam a22005414i 4500 | ||
|---|---|---|---|
| 003 | PE-LiUPU | ||
| 005 | 20250731165613.0 | ||
| 008 | 150706s r 000 0 d | ||
| 020 | _a970150500X | ||
| 035 | _a(Sirsi) i9789701505007 | ||
| 040 |
_aPE-LiUPU _bspa _cPE-LiUPU _erda |
||
| 049 | _aPRUA | ||
| 082 | 0 | 4 |
_a001.6 _bM55 _221 |
| 100 | 1 |
_aMiguel Castaño, Adoración de, _eautor. |
|
| 245 | 1 | 0 |
_aFundamentos y modelos de bases de datos / _cAdoracion de Miguel Castaño, Mario G. Piattini Velthuis. |
| 250 | _a2a | ||
| 264 | 1 |
_aMéxico : _bAlfaomega, _c1999. |
|
| 300 |
_a515 páginas : _bilustraciones ; _c23 cm. |
||
| 336 |
_atext _2rdacontent |
||
| 337 |
_aunmediated _2rdamedia |
||
| 338 |
_avolume _2rdacarrier |
||
| 504 | _aIncluye bibliografía. | ||
| 505 | 0 | _aConceptos básicos -- Sistemas de información y bases de datos -- El sistema de gestión de la base de datos -- Modelos de datos -- Concepto de modelo de datos -- El modelo entidad/interrelación -- El modelo relacional: estática -- Dinámica del modelo relacional -- El lenguaje SQL -- Sentencias de manipulación -- Sentencia de control: seguridad en SQL -- SQL embebido -- SQL dinámico -- El lenguaje SQL3 -- Diseño lógico de las bases de datos en el modelo relacional -- Modelo en red CODASYL: estática -- Dinámica del modelo CODASYL -- El modelo jerárquico como un caso particular de los modelos en red -- Tendencias -- El futuro de las bases de datos -- Sistemas de gestión de bases de objetos -- Seguridad -- Seguridad en base de datos. | |
| 526 | _aSEG44 | ||
| 526 | _aSEG26 | ||
| 526 | _aP151 | ||
| 526 | _aP150 | ||
| 526 | _aP149 | ||
| 526 | _aP146 | ||
| 526 | _aP145 | ||
| 526 | _aP126 | ||
| 526 | _aP125 | ||
| 526 | _aP92 | ||
| 526 | _aP75 | ||
| 526 | _aP74 | ||
| 526 | _aP27 | ||
| 526 | _aP15 | ||
| 541 | _g0300012039; | ||
| 650 | 0 | 4 | _aBases de datos. |
| 650 | 0 | 4 | _aSistemas de almacenamiento y recuperación de información. |
| 700 | 1 |
_aPiattini Velthuis, Mario G., _eautor. |
|
| 910 | _agl20120508 | ||
| 942 |
_2ddc _cBOOK |
||
| 949 |
_a001.6 M55 _wDEWEY _c1 _i64519 _lCCODEBUL1 _mBUL _p31.00 _r0 _sY _tBOOK _u2015-7-6 _xINGENIERIA _PP27 _o.STAFF. Colección General |
||
| 994 |
_aC0 _bPEPRU |
||
| 596 | _a1 | ||
| 999 |
_a001.6 M55 _wDEWEY _c53246 _i64519 _d53246 _f2021-11-4 _g7 _lCCODEBUL1 _mBUL _p31.00 _q2 _r0 _sY _tBOOK _u2015-7-6 _xBIBLIOTECA _PP27 _0COMPRA _o.STAFF. Colección General |
||
| 980 |
_81 _gALBERTO SANCHEZ Responsable de Automatización |
||